00903nam a22002417a 450000500170000000800410001704000070005804100120006508200200007710000600009724500810015726000520023830000250029044000190031565000200033465000190035470000490037370000370042270000380045994200120049799900190050995201330052820230708114518.0221219b ||||| |||| 00| 0 eng d cAL aEnglish 223a297.1bIMAE aAyatullah Sayyid Kamal Fashish Imani and others9126063 aEnlightening Commentary into the Light of the Holy Quran Vol 17 Part 26 & 27 bAmir Ul Muimineen Ali (A S) Libraryc2011aIran a674p.bHBc24x17 cm. nVol 179126029 aReligion966817 aMuslim9126064 aIMANI (Ayatullah Sayyid Kamal Faghih)966818 aGROUP OF MUSLIM SCHOLARS9126026 aBAGHI (Mohammad Mehdi) Tr9126020 2ddccDB c227765d227765 00102ddc40708OTHaALbALd2023-06-30l0o297.1 IMAEpD06089r2023-07-08 00:00:00w2023-07-08yDBzDonated by V. T. Rajshekar